Company law in Ghana / (Record no. 210)
[ view plain ]
| 000 -LEADER | |
|---|---|
| fixed length control field | 00522cam a2200181 a 4500 |
| 001 - CONTROL NUMBER | |
| control field | 16650407 |
| 005 - DATE AND TIME OF LATEST TRANSACTION | |
| control field | 20241025164401.0 |
| 008 - FIXED-LENGTH DATA ELEMENTS--GENERAL INFORMATION | |
| fixed length control field | 110214s2009 gh b 001 0 eng |
| 020 ## - INTERNATIONAL STANDARD BOOK NUMBER | |
| International Standard Book Number | 9988778317 |
| 050 00 - LIBRARY OF CONGRESS CALL NUMBER | |
| Classification number | KRX956 |
| Item number | .B66 2009 |
| 100 1# - MAIN ENTRY--PERSONAL NAME | |
| Personal name | Bondzi-Simpson, P. Ebow. |
| 245 10 - TITLE STATEMENT | |
| Title | Company law in Ghana / |
| Statement of responsibility, etc. | Philip Ebow Bondzi-Simpson. |
| 250 ## - EDITION STATEMENT | |
| Edition statement | 2nd ed. |
| 260 ## - PUBLICATION, DISTRIBUTION, ETC. | |
| Place of publication, distribution, etc. | Accra, Ghana : |
| Name of publisher, distributor, etc. | Avant Associates, |
| Date of publication, distribution, etc. | c2009. |
| 300 ## - PHYSICAL DESCRIPTION | |
| Extent | xviii, 320 p. ; |
| Dimensions | 23 cm. |
| 650 #0 - SUBJECT ADDED ENTRY--TOPICAL TERM | |
| Topical term or geographic name entry element | Corporation law |
| Geographic subdivision | Ghana. |
| 942 ## - ADDED ENTRY ELEMENTS (KOHA) | |
| Source of classification or shelving scheme | Library of Congress Classification |
| Koha item type | Books |
| Edition | 2nd Ed. |
| Suppress in OPAC | No |
| 999 ## - | |
| -- | 210 |
| -- | 210 |
| Withdrawn status | Lost status | Source of classification or shelving scheme | Damaged status | Not for loan | Collection | Home library | Current library | Shelving location | Date acquired | Total checkouts | Full call number | Barcode | Date last seen | Copy number | Price effective from | Koha item type |
|---|---|---|---|---|---|---|---|---|---|---|---|---|---|---|---|---|
| Library of Congress Classification | Non-fiction | Business Library (Miotso) | Business Library (Miotso) | Reference | 04/16/2025 | KRX956.B64 BON | bssm00001900 | 04/16/2025 | 1 | 04/16/2025 | Books | |||||
| Library of Congress Classification | Non-fiction | Law Library (Christ Temple) | Law Library (Christ Temple) | Reference | 05/12/2025 | KRX956.B64 BON | LLCT00000629 | 05/12/2025 | 1 | 05/12/2025 | Books | |||||
| Library of Congress Classification | Non-fiction | Law Library (Christ Temple) | Law Library (Christ Temple) | Reference | 05/12/2025 | KRX956.B64 BON | LLCT00000714 | 06/16/2025 | 2 | 05/12/2025 | Books | |||||
| Library of Congress Classification | Non-fiction | Law Library (Christ Temple) | Law Library (Christ Temple) | Reference | 05/12/2025 | KRX956.B64 BON | LLCT00000756 | 06/21/2025 | 3 | 05/12/2025 | Books | |||||
| Library of Congress Classification | Non-fiction | Law Library (Miotso) | Law Library (Miotso) | Reference | 10/25/2024 | KRX956 BON | llm00000268 | 10/25/2024 | 1 | 10/25/2024 | Books | |||||
| Library of Congress Classification | Law Library Annex (Miotso) | Law Library Annex (Miotso) | General stacks | 10/28/2024 | KRX956.B64 BON | LLM00000066 | 10/29/2024 | 2 | 10/28/2024 | Books | ||||||
| Library of Congress Classification | Non-fiction | Law Library Annex (Miotso) | Law Library Annex (Miotso) | Reference | 11/15/2024 | KRX956.B64 BON | LLM00001004 | 11/15/2024 | 3 | 11/15/2024 | Books |